000 01056nam a2200265 i 4500
001 bg
100 1 _aMAZUR, Marian
245 1 0 _aEmisja związków siarki z procesów hutnictwa żelaza /
_cMarian Mazur.
246 1 1 _aSulphur compounds emission from ferrous metallurgy
260 _aKraków :
_bWydawnictwa AGH,
_c1995.
300 _a85 s. :
_brys., wykr. ;
_c24 cm.
490 1 _aRozprawy, Monografie / [Akademia Górniczo-Hutnicza im. S. Staszica] =
_aDissertations, Monographies,
_x0867-6631 ;
_v37
500 _aTyt. równol. : Sulphur compounds emission from ferrous metallurgy.
504 _aBibliogr. s. 80-85. - Summ.
650 9 _aPowietrze
_xhigiena i ochrona
650 9 _aSiarka
_xzwiązki
_xhigiena
650 9 _aWęgiel
_xtechnologia
_xhigiena
650 9 _aŻelazo
_xmetalurgia
_xmetody
_xhigiena
830 0 _aRozprawy, Monografie ([Akademia Górniczo-Hutnicza im. S. Staszica]) ;
_v37
040 _cBPK
041 0 _apl
_ben
080 _a669.1:662.6:661.7:504.3.05:628.5
942 _cKS
008 s pl f |000 0 pol
999 _c31487
_d31487
856 _uhttp://koha.tu.koszalin.pl/cgi-bin/koha/opac-detail.pl?biblionumber=31487
_yKatalog online BPK